00608nam a22001697a 450000500170000001000130001702000260003003500110005603700130006708200110008010000420009124500820013324600620021526000520027727000870032930000220041620190530112011.0 aUR-10161 c300.00a9789388105446 aU-8716 bDBAD/PUB a840.08 aر ضو ا ن اللہ آ ر و ی  a چند کتا بيں چند خيا لcر ضو ا ن اللہ آ ر و ی  b‏Chand Kitamen Chand Khayaal(Urdu)aby Rizwanullah Arvi a DelhibEducational Publishing Housec2018 ء  a3191،Vakil Street,Kucha Pandit,Lal Kuan,bDelhie110006k23216162l00911123211540 a251صc22 Cm(B.b)